000 00304nam a22001337a 4500
008 170801b xxu||||| |||| 00| 0 eng d
020 _a9780061577932
041 _aeng
080 _a004
100 _a32
101 _aSHKI
245 _aTHE DEPARTMENT OF MAD SCIENTISTS
_cBELFIORE, M
942 _2udc
_cBK
999 _c22354
_d22354